Seven Deadly Sins Personnages - Statistiques

Statistiques générales
  • Ce quiz a été pris 378 fois
    253 depuis la dernière actualisation
  • Le résultat moyen est 37 sur 155
Statistiques - réponses
Titre Personnage % Correct
Chevalier de la Colère Meliodas
99%
Chevalier de l'Avarice Ban
89%
Chevalier des restes culinaire Hawk
88%
Chevalier de Paresse King / Arlequin
86%
Chevalier Rouiller Elizabeth Liones
83%
Chevalier de l'Envi Diane
82%
Chevalier de l'Orgueil Escanor
76%
Chevalier de la Gourmandise Merlin
75%
Petit Frère du chevalier sacré de la nouvelle Génération Zeal
72%
Chevalier de la Luxure Gowther
71%
Chevalier de la Foudre Gilthunder
69%
Commandement de la Piété Zeldris
69%
Assassin de malachia, Gros (physiquement) Estaro
64%
Roi de Camelot Arthur Pendragon
61%
Gardienne de la Fontaine de Jouvence Elaine
61%
Transporte le bar Le Chapeau du Cochon Mama Hawk
61%
Commandement de la Charité Estarossa
58%
A bu le sang du démon rouge Jericho
57%
Commandement de la Réticence Monspiet
50%
Avait la Grâce du Soleil Maël
49%
Commandement de la Patience Dolor
48%
Commandement de la Vérité Galand
47%
Grands maitres chevalier sacré au perforation Dreyfus
46%
Commandement de la Foi Merascylla
46%
Commandement du Repos Gloxinia
44%
Chevalier au Bouclier impénétrable Griamor
44%
Grands maitres chevalier sacré de l'acide Hendrickson
44%
Chevaliers Sacrés de la Nouvelle Génération Guila
42%
Chevalier aux tempêtes Howzer
42%
Première Princesse de Liones Margaret Liones
41%
Ancien Grands chevalier sacré assassiné Zaratras
41%
A la Grâce de la Lumière Ludeciel
39%
Commandement de la Pureté Derrierie
38%
Substitut du Commandement de l'Altruisme Fraudrin
36%
A la Grâce de l'Océan Tarmiel
36%
Deuxieme Princesse de Liones Veronica Liones
36%
Roi de Liones Baltra Liones
35%
Démon battu par le Chevalier de l'Avarice Démon Rouge
35%
Transformé en l'arbitre, est une fée Helbram
35%
Petit Loup accompagnant Le Roi des fée Oslo
35%
Ancienne Prisonniere de danafor, fini Chevalier Liz
34%
Maitre D'arme du Chevalier de L'Envi Matrona
34%
A la Grâce de la Trombe Sariel
34%
Démon possédant un grand maitre chevalier sacré Démon Gris
33%
Apprenti Chevalier Sacré c'est Confirmé Twigo
33%
Dieu démon Roi des démons
31%
Cavalier de L'Épidémie Tristan Liones
30%
Cavalier de la Guerre Lancelot
29%
Déesse des Déesses Divinité Suprême
28%
Commandement du Pacifisme Graylord
26%
Cavalier de la Mort Percival
26%
Elle a été l'apprentie du Péché du Gourmandise Viviane
26%
L'amante Vampire de Zeldris Gelda
25%
Père adoptif de Ban Zhivago
25%
Membre de la Garnison de la Montagne Allioni
22%
Maître d'arme de Meliodas Chandler
22%
Chef des Six Étoiles du Ciel d'Azur Denzel Liones
22%
Adjointe du Roi des fées Gerharde
22%
le grand frère de Jericho Gustav
21%
Enfant qui pense que le Chevalierde la Luxure est sa mère Pelio
21%
Chevalier a la clochette Ruin
21%
Chef des hurleur de l'Aube Slader
21%
Maître d'arme de Zeldris Cusack
20%
Démon qui a attaqué le fils et la fille du sauveur Démon bleu
19%
Chevalier invisible Golgius
19%
Epéiste Inconnu de Camelot Nanashi
19%
Golems des 10 Commandements Albion
18%
Fusions des deux maîtres d'arme Démon Primordial / Originel
18%
Déesse dans le sabre du frère du Roi de Liones Nerobasta
18%
Reconstruit le Grand tournoi de Vaizel Taizoo
18%
Chef des Chevalier d'un Royaume détruit Cain
17%
Petite fille de la Capitale des Morts Ellen
17%
Membre des hurleur de l'Aubeavec deux haches Hugo
17%
Chevalier épineux Jude
17%
Possède un katana de Sephiroth de FFFait parti des hurleur de l'Aube Simon
17%
Sanglier dans le purgatoire Wild
17%
Fille d'un gouverneur de la ville de Sistana et une aspirante chevaleresse sacrée Anghalad
16%
Chevalier de Gravité Marmas
16%
La soeur du Roi de Liones Nadja Liones
16%
Cavalier de la Famine Gauvain
15%
Cheffe des Druides Jenna
15%
Enfant menteur Mead
14%
Archer des Six Étoiles du Ciel d'Azur Arden
13%
Médecin qui empoissonne le Dragon de la colère Dana
13%
Musicien des Six Étoiles du Ciel d'Azur Death Pierce
13%
La mage des Six Étoiles du Ciel d'Azur Deldrey
13%
C'est réincarné en le seul Chasseur Noir Rou
13%
Cheffe des Druides Zaneli
13%
Chef des 6 chevaliers noirs (Clan des démons) Bellion
12%
Ancien chevalier sacré,dans l'armure du bélier de la luxure Dale
12%
Chef de la troupe d'artistes de rue Katts
12%
Des créatures qui habitent la Forêt des Rêves Blancs Lutins Farceurs
12%
Garde du corps des Chef des Druide Théo
12%
amie du chevalier de l'envi et devenu prêtresse Dolorès
11%
troupe d'artistes de rue de Katts avecun pouvoir de lévitation Donny
11%
Chevalier du chaos qui a tuer le Grand-père de duCavalier de la Mort Ironside
11%
UNE Membre des hurleur de l'Aube Jillian
11%
Medecin bizarre dans la foret Ordo Nasiens
11%
Marteau boost des Six Étoiles du Ciel d'Azur Dogedo
9%
Chevalier des insectes Freesia
9%
Ancien Commandement de la Piété Karmadios
9%
Le nain des Six Étoiles du Ciel d'Azur Waillo
9%
Fille du Sauveur Della
8%
Démon qui ressemble à un ourson Démon Orange
8%
Petit Garçon de la Capitale des Morts Luigi
8%
Grand-père de du Cavalier de la Mort Varghese
8%
Mère du Chevalier au Bouclier impénétrable Anna
7%
Petit démon souvent en groupe Démon Blanc
7%
Démon qui à plusieurs bras et la langue toujours sorti Démon Ocre
7%
Une fée qui vivait dans la Forêt du Roi des Fées Ende
7%
Une Fée informatrice du Musiciendes Six Étoiles du Ciel d'Azur Invisible
7%
Créature a la recherche du Roi de Camelot Orlondi
7%
Frère adoptif de Ban Therion
7%
Archer des hurleur de l'Aube Weinheidt
7%
Vaiseau d'un Arc Ange de L'Océan Arbus
6%
Petit chat chelou accompagnantle Roi de Camelot Cath Palug
6%
Deuxième Roi des Fées Dahlia
6%
Frère du Lion de L'orgueil Daymond
6%
Démon dans le jeu 7DS Grand cross Démon Pourpre / Howlex
6%
Ils sont géants et ressemble à des centipèdesavec des antennes Démon Vert
6%
Femme au fouet Gara
6%
Commandement de l'altruisme Gowther Démon
6%
Fée qui suit La fille qui bu le sang du démon rouge Puora
6%
Père forgeron, du chevalier des tempêtes Raizer
6%
Personne qui a sauver le Lion de L'orgueil Rosa
6%
Fille du médecin Sennett
6%
Vaiseau d'un Arc Ange de la Trombe Solaseed
6%
L'oiseau du chevalier de la Colère Wandle
6%
A sauver La Maitre d'arme du Chevalier de L'Envi Zarpa
6%
Il a été avalé et envoyé à un autre endroitpar le Chasseur noir Andre
5%
Ancien Commandement, Tuer par son chef / Le traitre Aranak
5%
Vanille fraise, Démarre un rituel pour libérer un démon Atra / Atollah
5%
Un lion massif Derocchio
5%
Maître artisan au sein du Clan des Géants Dubs
5%
Chef Guerrier du Clan des Géants de l'Ouest Dumblebas
5%
Chevalier qui piège la Maitre D'arme du Chevalier de L'Envie Gannon
5%
Animal volent, qui transport les chevaliers a Vaizel Manta Ciel
5%
Chevalier Sacré faisant parti de la Nouvelle Génération Muramo
5%
Il aime un peu trop les câlins, neveu ducommandement de la vérité Pump
5%
Ancien Commandement, Tuer par son chef / Le traitre Xeno
5%
Fils du Sauveur Zor
5%
A son visage sur le torse Dahaka
4%
Démon qui absorbe la magie Démon Argenté
4%
Grand Démon muscler et marron Démon Cuivre
4%
Démon libérer par les 6 chevaliers noirs Barugia
3%
Chevalier du chaos qui veux en éléve le Cavalier de la Mort Pelgart
3%
Deuxieme Démon bleu au 2v2 à Vaizel Calzzo
2%
Démon bleu au 2v2 a Vaizel Dolzzo
2%
troupe d'artistes de rue de Katts, jeune femme Elba
2%
Assassin de malachia, Normal (physiquement) Jigumo
2%
Dernier Démon bleu Quazzo
2%
Chevalier du chaos a Ordo Talisker
2%
Assassin de malachia, Grand (physiquement) Torah
2%
Femme du Commandement de l'altruisme Gloriza
1%
A Sauver le Commandement de la Charité Peronia
1%
Aucun quiz correspondant
Distribution des résultats
% des personnes avec chaque résultat
Percentile par nombre de réponses
Votre historique - résultats
Vous n’avez pas pris ce quiz depuis la dernière actualisation